| 000 | 00690nam a2200205Ii 4500 | ||
|---|---|---|---|
| 003 | JO-AjNU | ||
| 008 | 230605s9999||||xx |||||||||||||| ||und|| | ||
| 040 |
_aJO-AjNU _bara _erda _cJO-AjNU |
||
| 041 | _aara | ||
| 050 | 1 | 4 | _aDS36.88.M852 1987 |
| 100 | 3 |
_aحابر، محي الدين, _eauthor _918828 |
|
| 245 | 0 | 0 | _aمن قضايا الثقافة العربية المعاصرة |
| 250 | _aط2 | ||
| 264 | 3 | 1 | _aبيروت: المكتبة العصرية، 1987 |
| 300 | _a277ص | ||
| 336 |
_atext _btxt _2rdacontent |
||
| 337 |
_aunmediated _bn _2rdamedia |
||
| 338 |
_avolume _bnc _2rdacarrier |
||
| 650 | 4 |
_aعالم عربي - حياة ثقافية- الحضارة العربية _918829 |
|
| 999 |
_aA6095 _c9663 _d9663 |
||